Inundación castálida (Edición facsímilar)

Salvato in:
Dettagli Bibliografici
Autore principale: Cruz, Sor Juana Inés de la
Natura: Libro
Lingua:Undetermined
Pubblicazione: México, Distrito Federal Universidad Nacional Autónoma de México 2010
Edizione:2
Soggetti:
Tags: Aggiungi Tag
Nessun Tag, puoi essere il primo ad aggiungerne!!

MARC

LEADER 00000nam a2200000Ia 4500
008 170316s9999 xx 000 0 und d
040 |a cru BVZT 
090 |a 860 C-47i 
100 |a Cruz, Sor Juana Inés de la 
245 |a Inundación castálida (Edición facsímilar) 
250 |a 2 
260 |a México, Distrito Federal 
260 |b Universidad Nacional Autónoma de México 
260 |c 2010 
300 |a 333 páginas 
650 |a LITERATURA LATINOAMERICANA 
650 |a SOR JUANA INÉS DE LA CRUZ 
650 |a INUNDACIÓN CASTÁLIDA 
650 |a EDICIÓN FACSÍMILAR 
999 |c 8557  |d 8557 
942 |c 15 D  |h 860 C-47i  |2 z